| 000 | 00509nam a2200193 u 4500 | ||
|---|---|---|---|
| 005 | 20210219161451.0 | ||
| 008 | 120703s2009 mx r 000 0 spa d | ||
| 020 | _a9786077886143 | ||
| 035 | _aUPN01000185654 | ||
| 049 | _aCG | ||
| 050 | 4 |
_aHV1624 K4 _bA1.5 |
|
| 100 | 1 |
_aKeller, Helen, _d1880-1968 |
|
| 245 | 1 | 3 |
_aLa historia de mi vida / _cHelen Keller. |
| 260 |
_aMéxico : _bAlfa Futuro, _c2009. |
||
| 300 | _a412 p. | ||
| 600 | 1 | 4 |
_aKELLER, HELEN, _d1880-1968 |
| 905 | _aLibro | ||
| 999 |
_c157757 _d157757 |
||